| 000 | 01687cam a2200373 a 4500 | ||
|---|---|---|---|
| 001 | 15130339 | ||
| 003 | OSt | ||
| 005 | 20140310182746.0 | ||
| 007 | vd |v|||| | ||
| 008 | 080107s2009 njuab 001 0 eng | ||
| 010 | _a 2008000661 | ||
| 020 | _a9789810697433 | ||
| 035 | _a(OCoLC)ocn190621193 | ||
| 040 |
_aDLC _cDLC _dYDX _dBAKER _dBTCTA _dYDXCP _dVP@ _dDLC |
||
| 050 | 0 | 0 |
_aQE 26.3 _b.T179 2009 |
| 082 | 0 | 0 |
_aM 550 _bT179 2009 |
| 100 | 1 | _aTarbuck, Edward J. | |
| 245 | 1 | 0 |
_aEarth science / _cTarbuck, Edward J. |
| 250 | _a12th ed. | ||
| 260 |
_aUpper Saddle River, N.J. : _bPearson Prentice Hall, _cc2009. |
||
| 300 |
_axxiii, 740 p. : _bcol. ill., col. maps ; _c29 cm. + _e1 DVD-ROM (4 3/4 in.) |
||
| 500 | _aIncludes index. | ||
| 521 | _aCollege Students | ||
| 526 | _c1210L to 1700L | ||
| 538 | _aSystem requirements: 500 MHz PowerPC G3, Intel Core Duo 1.33GHz, Intel Pentium II 450MHz; 256 bytes RAM in addition to operating system; Mas OS X (10.3 or later for PowerPC, 10.4x or Intel), Windows XP or Vista; 1024 x 768 (millions of colors) monitor resolution, DVD-ROM drive, speakers, and printer. | ||
| 541 | _j1 | ||
| 562 | _eFor Circulation. 1 Copy Available in the Collection | ||
| 650 | 0 |
_aEarth sciences _vTextbooks. |
|
| 700 | 1 | _aLutgens, Frederick K. | |
| 856 | 4 | 1 |
_3Table of contents only _uhttp://www.loc.gov/catdir/toc/ecip088/2008000661.html |
| 906 |
_a7 _bcbc _corignew _d1 _eecip _f20 _gy-gencatlg |
||
| 942 |
_2lcc _cBK _kM |
||
| 999 |
_c15654 _d15654 |
||